Statistics for Name The Countries Money

Click here to take the quiz!

General Stats

  • This quiz has been taken 483 times
  • The average score is 10 of 15

Answer Stats

CountryCurrency% Correct
United StatesUnited States Dollar
100%
AustraliaAustralian Dollar
99%
New ZealandNew Zealand Dollar
99%
CanadaCanadian Dollar
99%
United KingdomBritish Pound
94%
EgyptEgyptian Pound
94%
JapanJapanese Yen
91%
MexicoMexican Peso
74%
RussiaRussian Ruble
63%
IndiaIndian Rupee
62%
ChinaChinese Yuan
51%
ThailandThai Baht
42%
KenyaKenyan Shilling
27%
HungaryHungarian Forint
25%
LithuaniaLithuanian Litas
11%

Score Distribution

Percentile by Number Answered

Percent of People with Each Score

Your Score History

You have not taken this quiz